Studies in Vedanta:essays in honour of Professor S.S. Rama Rao Pappu: proceedings of the fifteenth International Congress of Vedanta held at Andhra University, Visakhapatnam during 3-6 January 2005/ (Record no. 9888)
[ view plain ]
| 000 -LEADER | |
|---|---|
| fixed length control field | 01039 a2200253 4500 |
| 010 ## - LIBRARY OF CONGRESS CONTROL NUMBER | |
| LC control number | ENG-89052 |
| 020 ## - INTERNATIONAL STANDARD BOOK NUMBER | |
| International Standard Book Number | 8124603502 |
| Terms of availability | 550.00 |
| 035 14 - SYSTEM CONTROL NUMBER | |
| System control number | EN-72585 |
| 037 1# - SOURCE OF ACQUISITION | |
| Source of stock number/acquisition | DBAD / PUB |
| 082 ## - DEWEY DECIMAL CLASSIFICATION NUMBER | |
| Classification number | 181.45 |
| 090 ## - LOCALLY ASSIGNED LC-TYPE CALL NUMBER (OCLC); LOCAL CALL NUMBER (OCLC) | |
| -- | 10100 |
| -- | 10100 |
| 111 ## - MAIN ENTRY--MEETING NAME | |
| Meeting name or jurisdiction name as entry element | International Congress of Vedanta |
| Location of meeting | Visakhapatnam, India |
| Date of meeting | 2005 |
| Number of part/section/meeting | 15th |
| 245 ## - TITLE STATEMENT | |
| Title | Studies in Vedanta:essays in honour of Professor S.S. Rama Rao Pappu: proceedings of the fifteenth International Congress of Vedanta held at Andhra University, Visakhapatnam during 3-6 January 2005/ |
| Statement of responsibility, etc | edited by P. George Victor [and] V.V.S. Saibaba |
| 260 ## - PUBLICATION, DISTRIBUTION, ETC. (IMPRINT) | |
| Place of publication, distribution, etc | New Delhi |
| Name of publisher, distributor, etc | D.K. Printworld |
| Date of publication, distribution, etc | 2006 |
| 270 ## - ADDRESS | |
| Electronic mail address | dkprintworld@vsnl.net |
| 300 ## - PHYSICAL DESCRIPTION | |
| Extent | xxi, 330p. |
| Dimensions | 23 cm ( Hb) |
| 490 ## - SERIES STATEMENT | |
| Series statement | Andhra University philosophical studies; no.5) |
| 500 ## - GENERAL NOTE | |
| General note | Includes index |
| 650 ## - SUBJECT ADDED ENTRY--TOPICAL TERM | |
| Topical term or geographic name as entry element | Vendanta-Congresses |
| 700 ## - ADDED ENTRY--PERSONAL NAME | |
| Personal name | Victor, P. George |
| 700 ## - ADDED ENTRY--PERSONAL NAME | |
| Personal name | Saibaba, V.V.S. |
| 942 ## - ADDED ENTRY ELEMENTS (KOHA) | |
| Institution code [OBSOLETE] | dpl |
| Koha item type | English Books |
| Call number prefix | 181.45/ INT |
| Withdrawn status | Lost status | Source of classification or shelving scheme | Damaged status | Not for loan | Collection code | Home library | Current library | Source of acquisition | Cost, normal purchase price | Total Checkouts | Full call number | Barcode | Date last seen | Copy number | Uniform Resource Identifier | Cost, replacement price | Price effective from | Koha item type |
|---|---|---|---|---|---|---|---|---|---|---|---|---|---|---|---|---|---|---|
| Dewey Decimal Classification | Not For Loan | Non-fiction | D.B.Act.Division | D.B.Act.Division | DBAD/PUB | 550.00 | 181.45 INT | EN-72585 | 15/09/2008 | 1 | 10902 | 550.00 | 15/09/2008 | English Books |
